00598 2200229 4500001002100000005001500021035002000036245005400056100002800110250000600138300003400144260003400178082001100212084001700223020002200240650002100262990001700283990001700300990001700317990001700334990001700351INLIS00000000000017820180905023331 a0010-09180000321 aTerampil Menulis Surat /cProf. Drs. M. Atar Semi0 aProf. Drs. M. Atar Semi a- av, 89 hlm. :bilus. ;c21 cm. aBandung :bTitian Ilmu,c2008 a808.02 a808.02 PRO t a978-979-027-223-5 aTeknik Penulisan a00759/P/2018 a00760/P/2018 a00761/P/2018 a00762/P/2018 a00763/P/2018